|
|
|
|
| LEADER |
00000cam a2200000 a 4500 |
| 001 |
vtls008326181 |
| 003 |
SK-MaSNL |
| 005 |
20260301182952.0 |
| 008 |
230403s1961 xo oda g nf 001 0 slo |
| 015 |
|
|
|a SNBA1961/04-00578
|
| 020 |
|
|
|q (viazané)
|
| 035 |
|
|
|a SK01SNK19610018398
|
| 035 |
|
|
|a urn:nbn:sk:snk-am3itv3
|
| 035 |
|
|
|a 1AB56199-E38F-4114-9951-21FDBB73A236
|
| 035 |
|
|
|a urn:nbn:sk:snk-am00fiob
|
| 035 |
|
|
|a SKM000020861
|
| 040 |
|
|
|a SNK
|b slo
|c SNK
|e AACR2
|
| 041 |
0 |
|
|a slo
|
| 044 |
|
|
|a xo
|c SK
|
| 072 |
|
7 |
|a 621.3
|x Elektrotechnika
|2 konspekt
|
| 080 |
|
|
|a 621.314.2
|2 1981
|
| 080 |
|
|
|a 621.314
|2 2011
|
| 080 |
|
|
|a (035)
|2 2011
|
| 100 |
1 |
|
|a Jarošek, Jozef,
|d 1921-2014
|4 aut
|9 37296
|
| 245 |
1 |
0 |
|a Transformátory
|c Jozef Jarošek a Rudolf Plencner
|
| 250 |
|
|
|a 1. vyd.
|
| 260 |
|
|
|a Bratislava
|b Slovenské vydavateľstvo technickej literatúry
|c 1961
|
| 300 |
|
|
|a 403 strán, [1] rozkladací list
|b fotografie, grafy, ilustrácie, tabuľky
|c 21 cm
|
| 366 |
|
|
|e 2200 kusov
|
| 490 |
1 |
|
|a Edícia elektrotechnickej literatúry
|
| 504 |
|
|
|a Bibliografia na strane 400 ; register na strane 401-[404]
|
| 650 |
0 |
7 |
|a transformátory
|2 SNKPH
|9 26154
|
| 655 |
|
7 |
|a príručky
|2 SNKPH
|9 74364
|
| 700 |
1 |
|
|a Plencner, Rudolf
|4 aut
|9 557590
|
| 830 |
|
0 |
|a Edícia elektrotechnickej literatúry
|9 270875
|
| 852 |
|
|
|a Slovenská národná knižnica
|
| 954 |
|
|
|a odborná, vedecká literatúra pôvodná (slovenská)
|2 lita
|
| 958 |
|
|
|a RK
|
| 958 |
|
|
|a TL
|
| 958 |
|
|
|a NB
|
| 958 |
|
|
|a OND
|
| 958 |
|
|
|a EUIPO
|
| 999 |
|
|
|c 855385
|d 857315
|
| 952 |
|
|
|a SNK
|b SNK
|y PREZ
|7 0
|p 17A0842963
|o snkSC 15158
|i snkKSP 949/61
|0 0
|1 0
|4 0
|d 2020-06-25
|f 1
|l 0
|r 2025-07-16 00:00:00
|w 2026-02-24
|